[Event "EYCC Open-U14 2019"]
[Site "Bratislava"]
[Date "2019.08.06"]
[Round "5.12"]
[White "Antonica, Dragos-Andrei"]
[Black "Hak, David"]
[Result "1-0"]
[WhiteElo "2124"]
[BlackElo "2012"]
[Annotator "NA"]
[PlyCount "81"]
[EventDate "2019.08.02"]
[EventType "swiss"]
[EventCountry "SVK"]
[SourceTitle "playchess.com"]
[Source "ChessBase"]
[SourceQuality "1"]
[TimeControl "40/5400+30:1800+30"]

1. d4 {[%emt 0:00:00]} Nf6 {[%emt 0:00:00]} 2. Nf3 {[%emt 0:00:00]} g6 3. Bg5 {[%emt 0:00:00]} Bg7 {[%emt 0:00:00]} 4. Nbd2 {[%emt 0:00:38]} d5 {[%emt 0:01:35]} 5. c3 {[%emt 0:01:08]} c5 {[%emt 0:03:38]} 6. e3 {[%emt 0:04:54]} O-O {[%emt 0:00:55]} 7. Be2 {[%emt 0:01:54]} Qb6 {[%emt 0:08:52]} 8. Qb3 {[%emt 0:00:23]} c4 {[%emt 0:05:02]} 9. Qa3 {[%emt 0:00:11]} Nc6 {[%emt 0:06:48]} 10. O-O {[%emt 0:11:36]} h6 {[%emt 0:09:33]} 11. Bh4 {[%emt 0:06:13]} Qd8 {[%emt 0:14:44]} 12. Bxf6 {[%emt 0:18:32]} Bxf6 {[%emt 0:03:23]} 13. b3 {[%emt 0:00:10]} b5 {[%emt 0:09:29]} 14. Qc5 {[%emt 0:07:54]} Qb6 {[%emt 0:11:12]} 15. Qxd5 {[%emt 0:14:21]} Bb7 {[%emt 0:01:46]} 16. Ne4 {[%emt 0:04:49]} Bg7 {[%emt 0:07:44]} 17. Qc5 {[%emt 0:05:05]} Nxd4 {[%emt 0:03:31]} 18. cxd4 {[%emt 0:03:29]} Bxe4 {[%emt 0:00:20]} 19. Qxb6 {[%emt 0:02:14]} axb6 {[%emt 0:00:02]} 20. bxc4 {[%emt 0:00:40]} Rfc8 {[%emt 0:04:55]} 21. Rfc1 {[%emt 0:05:02]} Rc7 {[%emt 0:03:02]} 22. cxb5 {[%emt 0:04:12]} Rxa2 {[%emt 0:01:26]} 23. Kf1 {[%emt 0:01:45]} Rcc2 {[%emt 0:00:57]} 24. Rxa2 {[%emt 0:01:02]} Rxc1+ {[%emt 0:00:09]} 25. Ne1 {[%emt 0:00:04]} Bxg2+ {[%emt 0:02:36]} 26. Kxg2 {[%emt 0:00:06]} Rxe1 {[%emt 0:00:04]} 27. Ra8+ {[%emt 0:01:32]} Kh7 {[%emt 0:00:46]} 28. Bc4 {[%emt 0:00:09]} e6 {[%emt 0:00:40]} 29. Rb8 {[%emt 0:00:37]} Rc1 {[%emt 0:00:16]} 30. Be2 {[%emt 0:03:01]} Re1 {[%emt 0:00:40]} 31. Bf3 {[%emt 0:00:34]} Rb1 {[%emt 0:00:36]} 32. Rxb6 {[%emt 0:00:16]} Bf6 {[%emt 0:00:35]} 33. Rb7 {[%emt 0:01:00]} Kg8 {[%emt 0:00:33]} 34. Rb8+ {[%emt 0:01:44]} Kg7 {[%emt 0:00:06]} 35. b6 {[%emt 0:00:16]} Be7 {[%emt 0:00:39]} 36. b7 {[%emt 0:00:22]} Bd6 {[%emt 0:00:08]} 37. Rd8 {[%emt 0:00:13]} Bc7 {[%emt 0:00:10]} 38. Rd7 {[%emt 0:00:22]} Bb8 {[%emt 0:00:37]} 39. d5 {[%emt 0:01:48]} Kf6 {[%emt 0:00:37]} 40. d6 {[%emt 0:00:00]} Ba7 {[%emt 0:00:00]} 41. Rd8 {[%emt 0:01:28]} 1-0

[Event "EYCC Open-U14 2019"]
[Site "Bratislava"]
[Date "2019.08.06"]
[Round "5.13"]
[White "Tsaruk, Maksim"]
[Black "Fardet, Elouan"]
[Result "1-0"]
[WhiteElo "2230"]
[BlackElo "2047"]
[Annotator "NA"]
[PlyCount "97"]
[EventDate "2019.08.02"]
[EventType "swiss"]
[EventCountry "SVK"]
[SourceTitle "playchess.com"]
[Source "ChessBase"]
[SourceQuality "1"]
[TimeControl "40/5400+30:1800+30"]

1. e4 {[%emt 0:00:00]} c5 {[%emt 0:00:00]} 2. Nf3 {[%emt 0:00:14]} d6 {[%emt 0:00:00]} 3. d4 {[%emt 0:01:39]} cxd4 {[%emt 0:00:00]} 4. Nxd4 {[%emt 0:00:03]} Nf6 {[%emt 0:00:00]} 5. f3 {[%emt 0:00:41]} e5 {[%emt 0:02:00]} 6. Nb3 {[%emt 0:00:07]} Be7 {[%emt 0:03:56]} 7. c4 {[%emt 0:00:08]} O-O {[%emt 0:02:45]} 8. Nc3 {[%emt 0:01:09]} Be6 {[%emt 0:02:29]} 9. Be3 {[%emt 0:00:19]} a6 {[%emt 0:04:59]} 10. Be2 {[%emt 0:05:22]} Nbd7 {[%emt 0:00:44]} 11. Nd5 {[%emt 0:10:02]} Bxd5 {[%emt 0:03:15]} 12. cxd5 {[%emt 0:05:37]} Nh5 {[%emt 0:10:22]} 13. Qd2 {[%emt 0:00:06]} a5 {[%emt 0:09:06]} 14. Bb5 {[%emt 0:15:32]} a4 {[%emt 0:03:03]} 15. Nc1 {[%emt 0:00:04]} Nc5 {[%emt 0:01:55]} 16. Ne2 {[%emt 0:01:22]} Qb6 {[%emt 0:17:04]} 17. Nc3 {[%emt 0:01:30]} h6 {[%emt 0:03:23]} 18. Bxa4 {[%emt 0:06:13]} Bg5 {[%emt 0:01:29]} 19. Bxg5 {[%emt 0:27:54]} hxg5 {[%emt 0:00:08]} 20. Bb5 {[%emt 0:00:10]} Nb3 {[%emt 0:05:11]} 21. Qf2 {[%emt 0:00:03]} Qxf2+ {[%emt 0:00:30]} 22. Kxf2 {[%emt 0:00:03]} Nxa1 {[%emt 0:00:06]} 23. Rxa1 {[%emt 0:00:03]} Rfc8 {[%emt 0:03:22]} 24. a4 {[%emt 0:00:46]} Kf8 {[%emt 0:01:47]} 25. Ra3 {[%emt 0:01:00]} Ke7 {[%emt 0:01:15]} 26. Ke3 {[%emt 0:03:35]} Nf6 {[%emt 0:01:19]} 27. h3 {[%emt 0:00:45]} Nd7 {[%emt 0:02:10]} 28. Kd2 {[%emt 0:02:51]} g6 {[%emt 0:03:09]} 29. a5 {[%emt 0:03:19]} f5 {[%emt 0:02:29]} 30. Bxd7 {[%emt 0:02:32]} Kxd7 {[%emt 0:03:51]} 31. Na4 {[%emt 0:00:05]} Rxa5 {[%emt 0:05:13]} 32. Nb6+ {[%emt 0:00:05]} Kc7 {[%emt 0:00:07]} 33. Rc3+ {[%emt 0:00:27]} Rc5 {[%emt 0:00:10]} 34. Rxc5+ {[%emt 0:01:10]} dxc5 {[%emt 0:00:05]} 35. Nxc8 {[%emt 0:00:04]} Kxc8 {[%emt 0:00:04]} 36. b4 {[%emt 0:06:54]} c4 {[%emt 0:03:08]} 37. b5 {[%emt 0:00:41]} Kc7 {[%emt 0:00:19]} 38. Kc3 {[%emt 0:00:35]} b6 {[%emt 0:00:39]} 39. exf5 {[%emt 0:05:26]} gxf5 {[%emt 0:00:03]} 40. Kxc4 {[%emt 0:00:00]} Kd6 {[%emt 0:00:00]} 41. g3 {[%emt 0:03:38]} Ke7 {[%emt 0:02:24]} 42. f4 {[%emt 0:03:24]} exf4 {[%emt 0:10:40]} 43. gxf4 {[%emt 0:00:04]} g4 {[%emt 0:00:05]} 44. hxg4 {[%emt 0:00:03]} fxg4 {[%emt 0:00:02]} 45. Kd4 {[%emt 0:00:04]} Kd6 {[%emt 0:00:42]} 46. Ke4 {[%emt 0:00:54]} Kc5 {[%emt 0:00:51]} 47. f5 {[%emt 0:00:13]} g3 {[%emt 0:00:46]} 48. Kf3 {[%emt 0:00:04]} Kxd5 {[%emt 0:00:46]} 49. Kxg3 {[%emt 0:00:07]} 1-0

[Event "EYCC Open-U14 2019"]
[Site "Bratislava"]
[Date "2019.08.06"]
[Round "5.14"]
[White "Rozen, Eytan"]
[Black "Neumann, Filip"]
[Result "1-0"]
[WhiteElo "2260"]
[BlackElo "1982"]
[Annotator "NA"]
[PlyCount "77"]
[EventDate "2019.08.02"]
[EventType "swiss"]
[EventCountry "SVK"]
[SourceTitle "playchess.com"]
[Source "ChessBase"]
[SourceQuality "1"]
[TimeControl "40/5400+30:1800+30"]

1. d4 {[%emt 0:00:00]} d5 {[%emt 0:00:00]} 2. c4 {[%emt 0:00:00]} e6 {[%emt 0:00:00]} 3. Nf3 {[%emt 0:00:02]} Nf6 {[%emt 0:00:00]} 4. g3 {[%emt 0:00:23]} Bb4+ {[%emt 0:00:14]} 5. Bd2 {[%emt 0:00:38]} Be7 {[%emt 0:00:10]} 6. Bg2 {[%emt 0:00:11]} O-O {[%emt 0:00:15]} 7. O-O {[%emt 0:01:05]} c6 {[%emt 0:00:22]} 8. b3 {[%emt 0:01:02]} Nbd7 {[%emt 0:01:42]} 9. Bc3 Ne4 {[%emt 0:09:01]} 10. Qc2 {[%emt 0:07:33]} b6 {[%emt 0:03:30]} 11. Nbd2 {[%emt 0:00:35]} Nxc3 {[%emt 0:03:24]} 12. Qxc3 {[%emt 0:00:15]} Bb7 {[%emt 0:02:26]} 13. b4 {[%emt 0:06:56]} dxc4 {[%emt 0:09:23]} 14. Nxc4 {[%emt 0:03:32]} c5 {[%emt 0:05:11]} 15. bxc5 {[%emt 0:01:13]} bxc5 {[%emt 0:01:38]} 16. Rad1 {[%emt 0:01:54]} Rc8 {[%emt 0:14:58]} 17. Nfe5 {[%emt 0:06:54]} Bxg2 {[%emt 0:04:17]} 18. Kxg2 {[%emt 0:01:02]} Qc7 {[%emt 0:07:47]} 19. d5 {[%emt 0:08:15]} Nxe5 {[%emt 0:03:09]} 20. Qxe5 {[%emt 0:02:46]} Qxe5 {[%emt 0:04:47]} 21. Nxe5 {[%emt 0:00:01]} exd5 {[%emt 0:07:32]} 22. Rxd5 {[%emt 0:00:02]} f6 {[%emt 0:05:12]} 23. Rd7 {[%emt 0:10:37]} Bd8 {[%emt 0:01:35]} 24. Nc4 {[%emt 0:00:47]} Bb6 {[%emt 0:01:51]} 25. Rfd1 {[%emt 0:01:07]} Rb8 {[%emt 0:01:59]} 26. a4 {[%emt 0:01:37]} Rfc8 {[%emt 0:03:10]} 27. a5 {[%emt 0:04:07]} Bc7 {[%emt 0:00:30]} 28. Re7 {[%emt 0:01:17]} Rb4 {[%emt 0:05:00]} 29. Rdd7 {[%emt 0:00:14]} Rxc4 {[%emt 0:00:07]} 30. Rxg7+ {[%emt 0:00:05]} Kf8 {[%emt 0:00:15]} 31. Rxh7 {[%emt 0:00:29]} Ke8 {[%emt 0:00:12]} 32. Rhe7+ {[%emt 0:00:38]} Kf8 {[%emt 0:00:06]} 33. Rxc7 {[%emt 0:00:05]} Rxc7 {[%emt 0:00:41]} 34. Rxc7 {[%emt 0:00:02]} a6 {[%emt 0:00:18]} 35. Rc6 {[%emt 0:00:22]} Ra4 {[%emt 0:00:07]} 36. Rxf6+ {[%emt 0:00:32]} Ke7 {[%emt 0:00:05]} 37. Rxa6 {[%emt 0:00:06]} Kd7 {[%emt 0:00:11]} 38. Rb6 {[%emt 0:00:40]} Rxa5 {[%emt 0:00:05]} 39. Rb1 {[%emt 0:00:42]} 1-0

[Event "EYCC Open-U14 2019"]
[Site "Bratislava"]
[Date "2019.08.06"]
[Round "5.15"]
[White "Weihrauch, Jakob"]
[Black "Grigoryan, Aram"]
[Result "1-0"]
[WhiteElo "2201"]
[BlackElo "1947"]
[Annotator "NA"]
[PlyCount "43"]
[EventDate "2019.08.02"]
[EventType "swiss"]
[EventCountry "SVK"]
[SourceTitle "playchess.com"]
[Source "ChessBase"]
[SourceQuality "1"]
[TimeControl "40/5400+30:1800+30"]

1. e4 {[%emt 0:00:00]} e6 {[%emt 0:00:00]} 2. d4 {[%emt 0:00:00]} d5 {[%emt 0:00:00]} 3. exd5 {[%emt 0:00:18]} exd5 {[%emt 0:00:06]} 4. Nf3 {[%emt 0:00:12]} Nc6 {[%emt 0:01:09]} 5. Bb5 {[%emt 0:00:21]} Bd6 {[%emt 0:00:29]} 6. c4 {[%emt 0:01:05]} Bb4+ {[%emt 0:04:16]} 7. Kf1 {[%emt 0:08:33]} Nf6 {[%emt 0:05:54]} 8. c5 {[%emt 0:01:33]} Ne4 {[%emt 0:14:15]} 9. Qa4 {[%emt 0:09:04]} a5 {[%emt 0:05:27]} 10. a3 {[%emt 0:02:51]} Bxc5 {[%emt 0:01:01]} 11. dxc5 {[%emt 0:00:20]} O-O {[%emt 0:00:12]} 12. Be3 {[%emt 0:02:40]} Qf6 {[%emt 0:04:44]} 13. Bxc6 {[%emt 0:03:34]} Qxb2 {[%emt 0:12:06]} 14. Qd4 {[%emt 0:02:22]} Qxd4 {[%emt 0:00:06]} 15. Nxd4 {[%emt 0:00:07]} bxc6 {[%emt 0:00:02]} 16. Nxc6 {[%emt 0:01:03]} Bb7 {[%emt 0:00:12]} 17. Ne7+ {[%emt 0:06:38]} Kh8 {[%emt 0:00:01]} 18. Nf5 {[%emt 0:04:13]} Rfe8 {[%emt 0:03:16]} 19. Nd2 {[%emt 0:03:14]} Nc3 {[%emt 0:04:12]} 20. h3 {[%emt 0:03:25]} d4 {[%emt 0:04:01]} 21. Nxd4 {[%emt 0:01:19]} Rad8 {[%emt 0:00:08]} 22. N2f3 {[%emt 0:02:32]} 1-0

[Event "EYCC Open-U14 2019"]
[Site "Bratislava"]
[Date "2019.08.06"]
[Round "5.16"]
[White "Bochnicka, Vladimir"]
[Black "Backiel, Hubert"]
[Result "1-0"]
[WhiteElo "2169"]
[BlackElo "1748"]
[Annotator "NA"]
[PlyCount "83"]
[EventDate "2019.08.02"]
[EventType "swiss"]
[EventCountry "SVK"]
[SourceTitle "playchess.com"]
[Source "ChessBase"]
[SourceQuality "1"]
[TimeControl "40/5400+30:1800+30"]

1. e4 {[%emt 0:00:00]} c5 {[%emt 0:00:00]} 2. Nf3 {[%emt 0:00:00]} Nc6 {[%emt 0:00:23]} 3. d4 {[%emt 0:00:00]} cxd4 {[%emt 0:00:20]} 4. Nxd4 {[%emt 0:00:00]} Nf6 {[%emt 0:00:19]} 5. Nc3 {[%emt 0:00:00]} e5 {[%emt 0:00:32]} 6. Ndb5 {[%emt 0:00:02]} d6 {[%emt 0:00:24]} 7. Nd5 {[%emt 0:00:44]} Nxd5 {[%emt 0:00:51]} 8. exd5 {[%emt 0:00:06]} Nb8 {[%emt 0:01:02]} 9. a4 {[%emt 0:00:08]} Be7 {[%emt 0:01:01]} 10. Be2 {[%emt 0:00:07]} O-O {[%emt 0:00:33]} 11. O-O {[%emt 0:00:06]} f5 {[%emt 0:02:51]} 12. f4 {[%emt 0:00:31]} a6 {[%emt 0:00:37]} 13. Na3 {[%emt 0:00:10]} Nd7 {[%emt 0:00:48]} 14. Nc4 {[%emt 0:01:19]} e4 {[%emt 0:02:15]} 15. a5 {[%emt 0:12:07]} b5 {[%emt 0:09:26]} 16. axb6 {[%emt 0:00:06]} Nxb6 {[%emt 0:00:08]} 17. Be3 {[%emt 0:00:34]} Nxc4 {[%emt 0:00:34]} 18. Bxc4 {[%emt 0:00:06]} Qc7 {[%emt 0:15:07]} 19. Qe2 {[%emt 0:09:57]} Bf6 {[%emt 0:02:34]} 20. c3 {[%emt 0:00:43]} a5 {[%emt 0:04:44]} 21. Ra3 {[%emt 0:19:31]} Bb7 {[%emt 0:16:55]} 22. Rfa1 {[%emt 0:05:59]} Rfc8 {[%emt 0:08:24]} 23. Bb3 {[%emt 0:08:19]} Bd8 {[%emt 0:08:40]} 24. c4 {[%emt 0:16:40]} Ba6 {[%emt 0:03:21]} 25. Qf2 {[%emt 0:05:42]} Qb7 {[%emt 0:01:11]} 26. Ba4 {[%emt 0:07:48]} Qf7 {[%emt 0:08:32]} 27. Bc6 {[%emt 0:01:33]} Rab8 {[%emt 0:00:01]} 28. b3 {[%emt 0:02:28]} Rb4 {[%emt 0:03:05]} 29. h3 {[%emt 0:03:03]} Bb7 {[%emt 0:00:39]} 30. Ba4 {[%emt 0:00:30]} Bf6 {[%emt 0:02:45]} 31. Rd1 {[%emt 0:02:29]} Qh5 {[%emt 0:00:29]} 32. Rf1 {[%emt 0:01:07]} Bh4 {[%emt 0:02:25]} 33. g3 {[%emt 0:00:42]} Bf6 {[%emt 0:00:17]} 34. Bd7 {[%emt 0:02:18]} Rb8 {[%emt 0:00:50]} 35. Be6+ {[%emt 0:00:13]} Kh8 {[%emt 0:01:00]} 36. Kg2 {[%emt 0:01:29]} Ba6 {[%emt 0:01:54]} 37. g4 {[%emt 0:01:05]} fxg4 {[%emt 0:01:17]} 38. hxg4 {[%emt 0:00:02]} Qe8 {[%emt 0:00:53]} 39. g5 {[%emt 0:00:36]} Be7 {[%emt 0:00:01]} 40. Rh1 {[%emt 0:00:00]} Bf8 {[%emt 0:00:00]} 41. Rxh7+ {[%emt 0:01:02]} Kxh7 {[%emt 0:03:24]} 42. Qh4+ 1-0

[Event "EYCC Open-U14 2019"]
[Site "Bratislava"]
[Date "2019.08.06"]
[Round "5.17"]
[White "Pasztor, Balazs"]
[Black "Fule, Simon"]
[Result "1/2-1/2"]
[WhiteElo "2140"]
[BlackElo "2184"]
[Annotator "NA"]
[PlyCount "48"]
[EventDate "2019.08.02"]
[EventType "swiss"]
[EventCountry "SVK"]
[SourceTitle "playchess.com"]
[Source "ChessBase"]
[SourceQuality "1"]
[TimeControl "40/5400+30:1800+30"]

1. e4 {[%emt 0:00:00]} e5 {[%emt 0:00:00]} 2. Nf3 {[%emt 0:00:00]} Nc6 {[%emt 0:00:00]} 3. Bc4 {[%emt 0:00:00]} Nf6 {[%emt 0:00:00]} 4. d3 {[%emt 0:00:09]} h6 {[%emt 0:00:20]} 5. O-O {[%emt 0:00:29]} d6 {[%emt 0:00:06]} 6. c3 {[%emt 0:00:16]} g5 {[%emt 0:00:46]} 7. Nbd2 {[%emt 0:00:44]} Bg7 {[%emt 0:01:03]} 8. Bb3 {[%emt 0:01:00]} O-O {[%emt 0:03:24]} 9. Nc4 {[%emt 0:01:40]} Ne7 {[%emt 0:02:09]} 10. Re1 {[%emt 0:05:55]} Ng6 {[%emt 0:00:36]} 11. d4 {[%emt 0:02:20]} exd4 {[%emt 0:00:09]} 12. Nxd4 {[%emt 0:04:41]} Nxe4 {[%emt 0:00:11]} 13. Rxe4 {[%emt 0:05:52]} d5 {[%emt 0:00:06]} 14. Re1 {[%emt 0:02:05]} dxc4 {[%emt 0:00:08]} 15. Bxc4 {[%emt 0:00:40]} Qf6 {[%emt 0:00:25]} 16. Be3 {[%emt 0:04:16]} Ne5 {[%emt 0:05:44]} 17. Be2 {[%emt 0:02:18]} b6 {[%emt 0:06:18]} 18. Nf3 {[%emt 0:05:00]} Bb7 {[%emt 0:12:26]} 19. Bd4 {[%emt 0:06:59]} Nxf3+ {[%emt 0:00:32]} 20. Bxf3 {[%emt 0:00:29]} Bxf3 {[%emt 0:00:11]} 21. Bxf6 {[%emt 0:01:19]} Bxd1 {[%emt 0:00:07]} 22. Bxg7 {[%emt 0:00:07]} Kxg7 {[%emt 0:00:05]} 23. Raxd1 {[%emt 0:00:36]} Rad8 {[%emt 0:00:25]} 24. Kf1 {[%emt 0:04:35]} Kf6 {[%emt 0:01:11]} 1/2-1/2

[Event "EYCC Open-U14 2019"]
[Site "Bratislava"]
[Date "2019.08.06"]
[Round "5.18"]
[White "Popov, Maksim M."]
[Black "Mitusov, Semen"]
[Result "0-1"]
[WhiteElo "2152"]
[BlackElo "2199"]
[Annotator "NA"]
[PlyCount "158"]
[EventDate "2019.08.02"]
[EventType "swiss"]
[EventCountry "SVK"]
[SourceTitle "playchess.com"]
[Source "ChessBase"]
[SourceQuality "1"]
[TimeControl "40/5400+30:1800+30"]

1. Nf3 {[%emt 0:00:00]} d5 {[%emt 0:00:00]} 2. e3 {[%emt 0:00:00]} Nf6 {[%emt 0:01:35]} 3. b3 {[%emt 0:00:03]} e6 {[%emt 0:01:11]} 4. Bb2 {[%emt 0:00:09]} b6 {[%emt 0:00:44]} 5. d4 {[%emt 0:00:42]} Bb7 {[%emt 0:01:11]} 6. Bd3 {[%emt 0:00:13]} Bd6 {[%emt 0:01:40]} 7. Nbd2 {[%emt 0:00:36]} c5 {[%emt 0:01:53]} 8. O-O {[%emt 0:01:32]} Nc6 {[%emt 0:00:36]} 9. Qe2 {[%emt 0:02:17]} Qc7 {[%emt 0:02:49]} 10. c3 {[%emt 0:01:12]} a6 {[%emt 0:02:55]} 11. e4 {[%emt 0:01:35]} dxe4 {[%emt 0:01:13]} 12. Nxe4 {[%emt 0:00:07]} cxd4 {[%emt 0:03:13]} 13. cxd4 {[%emt 0:01:37]} Nxe4 {[%emt 0:06:57]} 14. Bxe4 {[%emt 0:00:16]} Nb4 {[%emt 0:01:24]} 15. Ne5 {[%emt 0:04:04]} Bxe4 {[%emt 0:11:04]} 16. Qxe4 {[%emt 0:01:00]} Nd5 {[%emt 0:01:22]} 17. Rac1 {[%emt 0:01:01]} Qe7 {[%emt 0:00:36]} 18. Rc6 {[%emt 0:09:25]} O-O {[%emt 0:03:10]} 19. Nc4 {[%emt 0:02:10]} Bc7 {[%emt 0:02:08]} 20. Rc1 {[%emt 0:04:47]} Qg5 {[%emt 0:12:07]} 21. Ne5 {[%emt 0:02:59]} Bd8 {[%emt 0:02:49]} 22. Ba3 {[%emt 0:04:45]} Be7 {[%emt 0:01:23]} 23. f4 {[%emt 0:00:11]} Qh6 {[%emt 0:09:50]} 24. Bxe7 {[%emt 0:01:00]} Nxe7 {[%emt 0:00:01]} 25. Rxb6 {[%emt 0:01:06]} Nd5 {[%emt 0:01:18]} 26. Rb7 {[%emt 0:00:36]} Rac8 {[%emt 0:01:38]} 27. Rxc8 {[%emt 0:01:22]} Rxc8 {[%emt 0:00:01]} 28. Qc2 {[%emt 0:00:11]} Rf8 {[%emt 0:02:10]} 29. g3 {[%emt 0:00:20]} Qh3 {[%emt 0:01:17]} 30. Nd7 {[%emt 0:03:28]} Rd8 {[%emt 0:00:55]} 31. Rb8 {[%emt 0:00:12]} Rxb8 {[%emt 0:00:14]} 32. Nxb8 {[%emt 0:00:07]} h5 {[%emt 0:00:57]} 33. Nd7 {[%emt 0:20:42]} h4 {[%emt 0:01:31]} 34. Qc8+ {[%emt 0:01:46]} Kh7 {[%emt 0:00:01]} 35. Qd8 {[%emt 0:01:10]} f6 {[%emt 0:03:19]} 36. Nf8+ {[%emt 0:02:26]} Kh6 {[%emt 0:00:15]} 37. Qe8 {[%emt 0:00:10]} Qg4 {[%emt 0:08:45]} 38. Qxe6 {[%emt 0:00:32]} Qf3 {[%emt 0:00:46]} 39. Qe8 {[%emt 0:18:03]} Qd3 {[%emt 0:07:30]} 40. Kf2 {[%emt 0:00:00]} Qxd4+ {[%emt 0:00:00]} 41. Kg2 {[%emt 0:09:06]} Qd3 {[%emt 0:04:32]} 42. Qe6 {[%emt 0:03:18]} Ne3+ {[%emt 0:02:30]} 43. Kf2 {[%emt 0:01:37]} Nf5 {[%emt 0:08:22]} 44. Qe8 {[%emt 0:13:12]} hxg3+ {[%emt 0:01:43]} 45. hxg3 {[%emt 0:03:50]} Qxg3+ {[%emt 0:01:19]} 46. Ke2 {[%emt 0:00:05]} Qg2+ {[%emt 0:01:44]} 47. Ke1 {[%emt 0:00:36]} Nd4 {[%emt 0:01:11]} 48. Kd1 {[%emt 0:00:48]} Qc2+ {[%emt 0:02:15]} 49. Ke1 {[%emt 0:00:04]} Qc1+ {[%emt 0:00:39]} 50. Kf2 {[%emt 0:00:04]} Qxf4+ {[%emt 0:00:16]} 51. Ke1 {[%emt 0:00:16]} Qc1+ {[%emt 0:00:51]} 52. Kf2 {[%emt 0:00:05]} Qd2+ {[%emt 0:00:07]} 53. Kf1 {[%emt 0:00:15]} Qd3+ {[%emt 0:01:26]} 54. Kf2 {[%emt 0:00:13]} Qf5+ {[%emt 0:01:52]} 55. Ke3 {[%emt 0:00:27]} Qg4 {[%emt 0:01:48]} 56. Kd3 {[%emt 0:01:39]} Nf5 {[%emt 0:01:18]} 57. Qd7 {[%emt 0:01:36]} Qd1+ {[%emt 0:02:46]} 58. Ke4 {[%emt 0:00:15]} Nd6+ {[%emt 0:01:19]} 59. Ke3 {[%emt 0:00:24]} Qg1+ {[%emt 0:00:38]} 60. Ke2 {[%emt 0:01:04]} Qg2+ {[%emt 0:00:23]} 61. Kd1 {[%emt 0:00:53]} Ne4 {[%emt 0:01:21]} 62. Qd4 {[%emt 0:00:12]} Qf1+ {[%emt 0:01:27]} 63. Kc2 {[%emt 0:00:10]} Qe2+ {[%emt 0:00:10]} 64. Kc1 {[%emt 0:00:38]} g5 {[%emt 0:02:25]} 65. Qd7 {[%emt 0:00:50]} Qe3+ {[%emt 0:00:43]} 66. Kd1 {[%emt 0:00:26]} Kh5 {[%emt 0:00:34]} 67. Qe8+ {[%emt 0:01:12]} Kg4 {[%emt 0:00:15]} 68. Qd7+ {[%emt 0:00:27]} f5 {[%emt 0:00:15]} 69. Ng6 {[%emt 0:00:10]} Qg1+ {[%emt 0:01:12]} 70. Kc2 {[%emt 0:00:31]} Qc5+ {[%emt 0:00:10]} 71. Kb1 {[%emt 0:00:35]} Qd6 {[%emt 0:00:57]} 72. Qg7 {[%emt 0:01:34]} Qf6 {[%emt 0:02:10]} 73. Ne5+ {[%emt 0:00:30]} Kf4 {[%emt 0:00:18]} 74. Ng6+ {[%emt 0:00:12]} Kg3 {[%emt 0:01:00]} 75. Qc7+ {[%emt 0:00:14]} Qd6 76. Qf7 {[%emt 0:00:06]} Qf6 {[%emt 0:00:57]} 77. Qc7+ {[%emt 0:00:31]} f4 {[%emt 0:01:05]} 78. Ne7 {[%emt 0:00:11]} Qc3 {[%emt 0:00:58]} 79. Nf5+ {[%emt 0:00:36]} Kg4 {[%emt 0:00:47]} 0-1

[Event "EYCC Open-U14 2019"]
[Site "Bratislava"]
[Date "2019.08.06"]
[Round "5.19"]
[White "Revaliente Montoya, Ciro"]
[Black "Shoshin, Kirill"]
[Result "1/2-1/2"]
[WhiteElo "1917"]
[BlackElo "2089"]
[Annotator "NA"]
[PlyCount "64"]
[EventDate "2019.08.02"]
[EventType "swiss"]
[EventCountry "SVK"]
[SourceTitle "playchess.com"]
[Source "ChessBase"]
[SourceQuality "1"]
[TimeControl "40/5400+30:1800+30"]

1. e4 {[%emt 0:00:00]} e6 {[%emt 0:00:00]} 2. d4 {[%emt 0:00:00]} d5 {[%emt 0:00:00]} 3. Nc3 {[%emt 0:00:00]} Nf6 {[%emt 0:00:00]} 4. Bg5 {[%emt 0:00:00]} dxe4 {[%emt 0:00:00]} 5. Nxe4 {[%emt 0:00:04]} Be7 {[%emt 0:00:00]} 6. Bxf6 {[%emt 0:00:19]} gxf6 {[%emt 0:00:00]} 7. Nf3 {[%emt 0:00:16]} f5 {[%emt 0:00:00]} 8. Nc3 {[%emt 0:00:23]} a6 {[%emt 0:00:00]} 9. g3 {[%emt 0:00:48]} b5 {[%emt 0:01:01]} 10. Bg2 {[%emt 0:00:32]} Bb7 {[%emt 0:00:02]} 11. O-O {[%emt 0:00:35]} Qd6 {[%emt 0:00:38]} 12. Re1 {[%emt 0:02:06]} Nd7 {[%emt 0:00:13]} 13. d5 {[%emt 0:10:04]} e5 {[%emt 0:08:35]} 14. Qe2 {[%emt 0:03:53]} b4 {[%emt 0:02:10]} 15. Nxe5 {[%emt 0:04:21]} bxc3 {[%emt 0:02:22]} 16. Nc4 {[%emt 0:02:11]} Qf6 {[%emt 0:00:28]} 17. d6 {[%emt 0:00:48]} cxd6 {[%emt 0:11:48]} 18. Bxb7 {[%emt 0:01:31]} Ra7 {[%emt 0:00:17]} 19. Rad1 {[%emt 0:02:02]} Ne5 {[%emt 0:02:06]} 20. Nxe5 {[%emt 0:01:49]} dxe5 {[%emt 0:00:13]} 21. Qxe5 {[%emt 0:02:29]} Qxe5 {[%emt 0:02:02]} 22. Bc6+ {[%emt 0:00:01]} Kf8 {[%emt 0:00:08]} 23. Rxe5 {[%emt 0:00:07]} cxb2 {[%emt 0:00:29]} 24. Rxf5 {[%emt 0:00:09]} Kg7 {[%emt 0:00:31]} 25. Rb1 {[%emt 0:03:05]} Bf6 {[%emt 0:00:20]} 26. g4 {[%emt 0:05:07]} Rc8 {[%emt 0:02:05]} 27. Be4 {[%emt 0:01:26]} Rc4 {[%emt 0:02:34]} 28. f3 {[%emt 0:04:15]} Rac7 {[%emt 0:03:43]} 29. Rxf6 {[%emt 0:05:01]} Kxf6 {[%emt 0:00:10]} 30. Rxb2 {[%emt 0:00:01]} a5 {[%emt 0:10:51]} 31. Bxh7 {[%emt 0:01:29]} Rb4 {[%emt 0:00:00]} 32. Rb3 {[%emt 0:00:36]} Rxb3 {[%emt 0:00:02]} 1/2-1/2

[Event "EYCC Open-U14 2019"]
[Site "Bratislava"]
[Date "2019.08.06"]
[Round "5.20"]
[White "Andrijashkin, Deniss"]
[Black "Dzida, Kamil"]
[Result "0-1"]
[WhiteElo "1862"]
[BlackElo "1987"]
[Annotator "NA"]
[PlyCount "58"]
[EventDate "2019.08.02"]
[EventType "swiss"]
[EventCountry "SVK"]
[SourceTitle "playchess.com"]
[Source "ChessBase"]
[SourceQuality "1"]
[TimeControl "40/5400+30:1800+30"]

1. e4 {[%emt 0:00:00]} e5 {[%emt 0:00:00]} 2. Nf3 {[%emt 0:00:00]} Nc6 {[%emt 0:00:00]} 3. Bc4 {[%emt 0:01:02]} Bc5 {[%emt 0:00:00]} 4. c3 {[%emt 0:00:37]} Nf6 {[%emt 0:00:44]} 5. d3 {[%emt 0:00:44]} O-O {[%emt 0:00:48]} 6. Nbd2 {[%emt 0:02:57]} d6 {[%emt 0:00:11]} 7. a4 {[%emt 0:01:25]} a5 {[%emt 0:04:31]} 8. O-O {[%emt 0:02:40]} Ba7 {[%emt 0:00:58]} 9. Re1 {[%emt 0:05:11]} Ng4 {[%emt 0:06:37]} 10. Re2 {[%emt 0:00:54]} Kh8 {[%emt 0:01:58]} 11. h3 {[%emt 0:04:53]} Nh6 {[%emt 0:00:05]} 12. Nf1 {[%emt 0:34:08]} f5 {[%emt 0:11:39]} 13. Bxh6 {[%emt 0:05:42]} gxh6 {[%emt 0:00:05]} 14. exf5 {[%emt 0:00:17]} Bxf5 {[%emt 0:01:53]} 15. Bd5 {[%emt 0:00:32]} Ne7 {[%emt 0:09:41]} 16. Bxb7 {[%emt 0:09:23]} Rb8 {[%emt 0:00:06]} 17. Be4 {[%emt 0:00:08]} Rg8 {[%emt 0:02:25]} 18. Bxf5 {[%emt 0:03:21]} Nxf5 {[%emt 0:00:23]} 19. Kh2 {[%emt 0:01:31]} Qf6 {[%emt 0:02:56]} 20. Ne3 {[%emt 0:09:34]} Bxe3 {[%emt 0:12:37]} 21. fxe3 {[%emt 0:00:06]} Nxe3 {[%emt 0:00:26]} 22. Qg1 {[%emt 0:01:38]} Nd5 {[%emt 0:09:09]} 23. Rd2 {[%emt 0:04:26]} Qf4+ {[%emt 0:05:06]} 24. Kh1 {[%emt 0:00:32]} Ne3 {[%emt 0:00:29]} 25. Qh2 {[%emt 0:03:03]} Rg3 {[%emt 0:04:01]} 26. Ng1 {[%emt 0:01:58]} Rbg8 {[%emt 0:05:41]} 27. Ne2 {[%emt 0:01:10]} Qf2 {[%emt 0:00:05]} 28. Nxg3 {[%emt 0:00:35]} Qxd2 {[%emt 0:00:04]} 29. Nf1 {[%emt 0:00:43]} Qxb2 {[%emt 0:01:06]} 0-1